| 000 | 00501nam a2200145 a 4500 | ||
|---|---|---|---|
| 001 | 000044890 | ||
| 005 | 20201002045716.0 | ||
| 008 | 150115s2014 dr c 000 0 spa d | ||
| 040 |
_aDO-SdBNP _bspa _cBNPHU |
||
| 110 | 2 |
_aUniversidad Católica Santo Domingo _91478 |
|
| 245 | 1 | 0 | _aSexagésima Graduación Ordinaria /. |
| 246 | 1 | 3 | _aSexagésima Graduación Ordinaria 12 y 13 de junio del 2014 |
| 260 |
_aSanto Domingo : _bFundación Universitaria Católica (FUC), _c2014. |
||
| 300 |
_a[32] p. : ; _c22 cm. |
||
| 999 |
_c44379 _d44379 |
||